000 00588nam a2200229Ia 4500
003 OSt
005 20220928112625.0
006 a|||||r|||| 00| 0
007 ta
008 220927b |||||||| |||| 00| 0 eng d
024 _a62608
037 _cTextual
040 _aSDCL
_cSDCL
_beng
041 _2eng
_aeng
082 _aN2x, L8
100 _aCoomaraswamy Ananda K
245 0 _aVisvakarma
260 _aNew Delhi
_bMunshiram Manoharlal
_c1978
300 _alxxiiia plates
_ccm.
942 _hN2x, L8
_cTEXL
_2CC
999 _c745489
_d745489